Solved problems in lagrangian and hamiltonian mechanics (Record no. 1210551)

MARC details
000 -LEADER
fixed length control field 01140nam a2200337Ia 4500
003 - CONTROL NUMBER IDENTIFIER
control field OSt
005 - DATE AND TIME OF LATEST TRANSACTION
control field 20221007122539.0
008 - FIXED-LENGTH DATA ELEMENTS--GENERAL INFORMATION
fixed length control field 221006b |||||||| |||| 00| 0 eng d
020 ## - INTERNATIONAL STANDARD BOOK NUMBER
International Standard Book Number 9789048123926 (hbd)
037 ## - SOURCE OF ACQUISITION
Terms of availability Textbook
040 ## - CATALOGING SOURCE
Original cataloging agency PAPL
Transcribing agency PAPL
Language of cataloging eng
041 ## - LANGUAGE CODE
Source of code eng
Language code of text/sound track or separate title eng
100 ## - MAIN ENTRY--PERSONAL NAME
Personal name Gignoux C
9 (RLIN) 714542
245 #0 - TITLE STATEMENT
Title Solved problems in lagrangian and hamiltonian mechanics
Remainder of title Silvestre-Brac Bernard
260 ## - PUBLICATION, DISTRIBUTION, ETC.
Place of publication, distribution, etc. New
Name of publisher, distributor, etc. York Springer
Date of publication, distribution, etc. 2009
300 ## - PHYSICAL DESCRIPTION
Extent xviii, 464p.
Dimensions cm.
490 ## - SERIES STATEMENT
Series statement Grenable sciences
500 ## - GENERAL NOTE
General note Bibliography 457-460p.; Index 461-464p.
650 ## - SUBJECT ADDED ENTRY--TOPICAL TERM
Topical term or geographic name entry element Classical electrodynamics
650 ## - SUBJECT ADDED ENTRY--TOPICAL TERM
Topical term or geographic name entry element Complexity
9 (RLIN) 714543
650 ## - SUBJECT ADDED ENTRY--TOPICAL TERM
Topical term or geographic name entry element Electrodynamics physics
9 (RLIN) 714544
650 ## - SUBJECT ADDED ENTRY--TOPICAL TERM
Topical term or geographic name entry element Hamiltonian systems
9 (RLIN) 714545
650 ## - SUBJECT ADDED ENTRY--TOPICAL TERM
Topical term or geographic name entry element Physics
700 ## - ADDED ENTRY--PERSONAL NAME
Personal name Silvestre-Brac Bernard
9 (RLIN) 714546
942 ## - ADDED ENTRY ELEMENTS (KOHA)
Classification part CM65, P9 Carpa
Koha item type Textbook
Source of classification or shelving scheme Colon Classification (CC)
Holdings
Withdrawn status Lost status Source of classification or shelving scheme Damaged status Not for loan Home library Current library Date acquired Source of acquisition Total Checkouts Full call number Barcode Date last seen Price effective from Koha item type
    Colon Classification (CC)     Department of Physics and Astrophysics Library Department of Physics and Astrophysics Library 2022-10-07 2946, 19/07/2010, New India Book Agency   CM65 P9 Carpa PA0006655 2022-10-07 2022-10-07 Textbook
Copyright @ Delhi University Library System